000 00270nam a22001217a 4500
008 170418b xxu||||| |||| 00| 0 eng d
041 _aeng
080 _23 ED
_a579
100 _a11
101 _aSHM
245 _aCLINICAL MICROBIOLOGY
_cWARINER.P.Q
942 _2udc
_cBK
999 _c10979
_d10979